Southville International School and Colleges
Your cart is empty.
  • Cart
  • Lists
    Public lists Eva Luna New books Lux_list list_1
    Your lists Log in to create your own lists
  • Log in to your account
  • Your cookies
  • Search history
Southville International School and Colleges
  • Advanced search
  • Recent comments
  • Most popular
  • Libraries

Log in to your account

Log in with GOOGLE


If you do not have an external account, but do have a local account, you can still log in:

  1. Home
  2. MARC view: English skills for college freshmen /
Normal view MARC view ISBD view

English skills for college freshmen / (Record no. 291779)

[ view plain ]
MARC details
000 -LEADER
fixed length control field 00718nam a2200241Ia 4500
008 - FIXED-LENGTH DATA ELEMENTS--GENERAL INFORMATION
fixed length control field 160319s9999 xx 000 0 und d
020 ## - INTERNATIONAL STANDARD BOOK NUMBER
International Standard Book Number 971-574-059-6
050 ## - LIBRARY OF CONGRESS CALL NUMBER
Classification number FIL PE 1065
050 ## - LIBRARY OF CONGRESS CALL NUMBER
Item number .V55 2002
100 ## - MAIN ENTRY--PERSONAL NAME
Personal name Villanueva, Perla M.
245 ## - TITLE STATEMENT
Title English skills for college freshmen /
245 ## - TITLE STATEMENT
Statement of responsibility, etc Perla M. Villanueva, Dolores C. Acurantes, Angelita P. Makalinao.
250 ## - EDITION STATEMENT
Edition statement 3rd Edition
260 ## - PUBLICATION, DISTRIBUTION, ETC. (IMPRINT)
Place of publication, distribution, etc Quezon City :
260 ## - PUBLICATION, DISTRIBUTION, ETC. (IMPRINT)
Name of publisher, distributor, etc Katha Pub. Co., Inc.,
260 ## - PUBLICATION, DISTRIBUTION, ETC. (IMPRINT)
Date of publication, distribution, etc 2002
300 ## - PHYSICAL DESCRIPTION
Extent 312 pages :
300 ## - PHYSICAL DESCRIPTION
Other physical details illustrations ;
300 ## - PHYSICAL DESCRIPTION
Dimensions 25 cm.
500 ## - GENERAL NOTE
General note Includes index.
650 ## - SUBJECT ADDED ENTRY--TOPICAL TERM
Topical term or geographic name as entry element English language -- Ability testing.
650 ## - SUBJECT ADDED ENTRY--TOPICAL TERM
General subdivision English language -- Study and teaching (Higher).
Holdings
Withdrawn status Lost status Damaged status Home library Current library Shelving location Date acquired Cost, normal purchase price Total Checkouts Full call number Barcode Date last seen Price effective from Koha item type
      South Mansfield College South Mansfield College Filipiniana Section 03/07/2011 220.00   FIL PE 1065 .V55 2002 SMC02644 03/19/2016 03/19/2016  

English skills for college freshmen /

APA

Villanueva P. M., .English skills for college freshmen. Quezon City: .

Chicago

Villanueva Perla M, .English skills for college freshmen. Quezon City: .

Harvard

Villanueva P. M., .English skills for college freshmen. Quezon City: .

MLA

Villanueva Perla M, .Quezon City: . .

  • Place hold
  • Print
  • Cite
  • Add to your cart (remove)
  • Save record
    BIBTEX Dublin Core MARCXML MARC (non-Unicode/MARC-8) MARC (Unicode/UTF-8) MARC (Unicode/UTF-8, Standard) MODS (XML) RIS
  • More searches
    Search for this title in:
    Other Libraries (WorldCat) Other Databases (Google Scholar) Online Stores (Bookfinder.com) Open Library (openlibrary.org)

Exporting to Dublin Core...

SOUTHVILLE LIBRARY

Southville International School and Colleges Library

1281 Tropical Ave. Cor. Luxembourg St., BF Homes International, Las Pinas City

Tel. No. 8256374 / 252358 Loc. 117/146

Powered by Koha